[Event "Vojvodina-chT 2nd League"]
[Site "Backa Palanka"]
[Date "2020.10.18"]
[Round "4.5"]
[White "Lugonja, Sinisa"]
[Black "Ilincic, Aleksa"]
[Result "0-1"]
[WhiteElo "2076"]
[BlackElo "2180"]
[PlyCount "113"]
[EventDate "2020.10.16"]
[EventType "team-tourn"]
[EventRounds "11"]
[EventCountry "SRB"]
[SourceTitle "EXT 2022"]
[Source "ChessBase"]
[SourceDate "2021.10.06"]
[SourceVersion "1"]
[SourceVersionDate "2021.10.06"]
[SourceQuality "1"]
[WhiteTeam "Backa Palanka"]
[BlackTeam "Novi Sad Vojvodina"]
[WhiteTeamCountry "SRB"]
[BlackTeamCountry "SRB"]

1. d4 Nf6 2. Nf3 c5 3. c3 g6 4. Bf4 Bg7 5. e3 0-0 6. Be2 d6 7. 0-0 Nc6 8. Nbd2 Bf5 9. Qb3 e5 10. Bg3 e4 11. Ne1 Qe7 12. dxc5 dxc5 13. Nc2 Rfd8 14. Rad1 Ne5 15. Bxe5 Qxe5 16. Nc4 Qc7 17. a4 Ng4 18. g3 h5 19. N2a3 Be5 20. Rxd8+ Rxd8 21. Rd1 Rd3 22. Nb5 Qe7 23. Qc2 Rxd1+ 24. Qxd1 Bb8 25. Ncd6 Bd7 26. Nc4 Qf6 27. Qe1 a6 28. Nba3 Bxa4 29. h3 Ne5 30. Nxe5 Qxe5 31. Nc4 Qc7 32. Nd2 Bc6 33. Qb1 Qe5 34. h4 b5 35. Qa2 Bb7 36. Bf1 Qd5 37. b3 Be5 38. c4 Qd7 39. cxb5 axb5 40. Qa5 Bc6 41. Qb6 Bc3 42. Nb1 Bb4 43. Qb8+ Kh7 44. Qe5 Qd5 45. Qf6 Bd7 46. Nc3 Bxc3 47. Qxc3 Qc6 48. Kg2 Be6 49. Be2 c4 50. b4 Qd6 51. Kf1 Qf8 52. Ke1 Qg7 53. Kd2 Qxc3+ 54. Kxc3 Kg7 55. Kd4 Kf6 56. Kxe4 c3 57. Bd1 0-1